000 00840 a2200193 4500
001 33707
005 20260407155628.0
008 260407a1974 arg spa d
003 AR-UNSa-BCEJYS
040 _aAR-UNSa-BCEJYS
_bspa
_cAR-UNSa-BCEJYS
080 _a658.310.8
_xGestión y administración de personal
245 1 0 _aLecturas sobre administración de personal
264 1 _aBuenos Aires :
_bEdiciones Macchi
_c1974
300 _a292 p.
_c23 cm.
505 _a1. Crítica a la escuela de relaciones humanas - 2. Métodos cuantitativos para analizar el comportamiento humano - 3. Política de personal - 4. Calificación del desempeño - 5. Conflictos colectivos - 6. Antecedentes históricos del sindicato.Experiencia y realidad argentina.
942 _cBK
590 _aniveau_biblio:m niveau_hierar:0
100 1 _aGroba, Eduardo L.
999 _c2386
_d2386